00472nam a2200157Ia 450000500170000000800410001708200130005824500260007126000370009730000120013450000290014670000190017594200060019495200990020099900150029920250323123552.0240331s9999 xx 000 0 und d bMERa894 0aMerkilirunthu uthayam aChennaibSouth Asian Booksc1993 a96 p ., aShort Stories Collection aVendhan. eedt cL 001040708LaWERCLbWERCLcSSCd2024-03-31l0o 894.811 MERp1656r2024-03-31w2024-03-31yL c4074d4074